Pays les plus proches de Palestine - 30 secondes sprint - Statistiques

Statistiques générales
  • Ce quiz a été pris 175 fois
  • Le résultat moyen est 9 sur 20
Statistiques - réponses
km pays % Correct
0 Israël
86%
0 Égypte
84%
0 Jordanie
84%
57 Liban
83%
44 Syrie
81%
140 Arabie Saoudite
69%
323 Irak
67%
931 Iran
66%
372 Turquie
57%
288 Chypre
34%
1096 Koweït
26%
1143 Géorgie
24%
863 Libye
24%
1161 Arménie
22%
644 Grèce
22%
1150 Azerbaïdjan
19%
1026 Soudan
17%
1276 Russie
14%
1227 Bulgarie
9%
1373 Roumanie
7%
Aucun quiz correspondant
Distribution des résultats
% des personnes avec chaque résultat
Percentile par nombre de réponses
Votre historique - résultats
Vous n’avez pas pris ce quiz